000 01455nac a22003011u 4500
010 _a99017596
020 _a0335215041
020 _a0335215041
082 0 0 _a370.72
_bB4331
090 _c3187
_d3187
100 _aBell, Judith,
245 1 0 _aDoing your research project :
_ba guide for first-time researchers in education and social science /
_cJudith Bell.
250 _a4th ed.
260 _aBuckingham [England] ;
_aPhiladelphia :
_bOpen University Press, 2005
_c2005.
300 _axv, 230 p. :
_bill. ;
_c22 cm.
504 _aIncludes bibliographical references (p. [216]-225) and index.
650 0 _aEducation
_xResearch.
650 0 _aEducation
_xResearch
_xMethodology.
650 0 _aSocial sciences
_xResearch.
650 0 _aSocial sciences
_xResearch
_xMethodology.
650 0 _aIndependent study.
856 4 2 _3Publisher description
_uhttp://www.loc.gov/catdir/description/mh051/99017596.html
856 4 2 _3Contributor biographical information
_uhttp://www.loc.gov/catdir/bios/mh051/99017596.html
856 4 2 _3Table of contents
_uhttp://www.loc.gov/catdir/toc/mh051/99017596.html
942 _cBB
_k370.72B4331
999 _c3187
_d3187